| 000 | 01308cam a22003855a 4500 | ||
|---|---|---|---|
| 001 | 15243523 | ||
| 005 | 20150817111700.0 | ||
| 006 | a||||fr||z| 00| 0 | ||
| 008 | 080402s2008 wb a frb 000 0 eng | ||
| 010 | _a 2008926212 | ||
| 015 |
_aGBA868055 _2bnb |
||
| 016 | 7 |
_aB0805635 _2bccb |
|
| 020 | _a1402069944 | ||
| 020 | _a9781402069949 | ||
| 035 | _a(OCoLC)ocn191658890 | ||
| 040 |
_aUKM _beng _cUKM _dYDXCP _dBAKER _dNLGGC _dCDX _dBWX _dDLC _dEG-ScBUE |
||
| 042 |
_aukblsr _alccopycat |
||
| 050 | 0 | 0 |
_aTK2931 _b.M64 2008 |
| 082 | 0 | 4 |
_a621.312429 _bMOD _222 |
| 245 | 0 | 0 |
_aModeling Solid Oxide Fuel Cells : _bMethods, Procedures and Techniques / _cR. Bove, S. Ubertini, editors. |
| 260 |
_a[Berlin] : _bSpringer, _cc.2008. |
||
| 300 |
_axiv, 395 p. : _bill. ; _c25 cm. + _e1 CD-ROM (4 3/4 in.) |
||
| 490 | 0 | _aFuel cells and hydrogen energy ; | |
| 504 | _aBibliography : p. 393-395. | ||
| 590 | _aMohamed Hussein | ||
| 650 | 0 |
_aSolid oxide fuel cells _926061 _xMathematical models _2BUEsh |
|
| 650 | 0 |
_aFuel cells _926062 _xMathematical models _2BUEsh |
|
| 651 | _2BUEsh | ||
| 653 |
_bENGGEN _cAugust2015 |
||
| 700 | 1 |
_aBove, R. _95690 _eeditor |
|
| 700 | 1 |
_aUbertini, S. _95691 _eeditor |
|
| 942 |
_2ddc _cBB |
||
| 999 |
_c11702 _d11702 |
||